| 000 | 00812nam a2200217Ia 4500 | ||
|---|---|---|---|
| 001 | 2626 | ||
| 003 | GE_BSU | ||
| 008 | 181216s||||||||xx |||||||||||||| ||und|| | ||
| 040 | _cGE_BSU | ||
| 080 | _a548(075.8) | ||
| 100 | _aხარატიშვილი, გ. | ||
| 245 | _aკრისტალოგრაფია და კრისტალოქიმია | ||
| 245 | _bდამხმ.სახელმძღვანელო უმაღლ.ტექნიკ.სასწავლებლებისათვის | ||
| 260 | _aთბილისი | ||
| 260 | _bგანათლება | ||
| 260 | _c1981 | ||
| 300 | _a352 გვ. | ||
| 653 | _aკრისტალოგრაფია და კრისტალოქიმია | ||
| 653 | _aქიმია | ||
| 942 | _cBK | ||
| 999 |
_c36697 _d36697 |
||